Top Agro '97
Z obsahu: Súťaž Top Agro '97 odzrkadľuje zlepšujúcu sa dôchodkovosť poľnohospodárstva. Medzi pôvodnými poľnohospodárskymi družstvami si dobrí ešte viac upevnili pozíciu. Obchodné spoločnosti sú dôkazom prínosu privatizácie. Novovzniknuté družstvá zväčša bez nevýhody starých dlžôb. V potravinárstve p...
Guardado en:
| Formato: | Capítulo de libro |
|---|---|
| Lenguaje: | eslovaco |
| Materias: | |
| Etiquetas: |
Sin Etiquetas, Sea el primero en etiquetar este registro!
|
MARC
| LEADER | 00000naa a2200000 4500 | ||
|---|---|---|---|
| 001 | r032756 | ||
| 005 | 20230921084026.9 | ||
| 041 | 0 | |a slo | |
| 044 | |a SK | ||
| 245 | 1 | 0 | |a Top Agro '97 |
| 520 | |a Z obsahu: Súťaž Top Agro '97 odzrkadľuje zlepšujúcu sa dôchodkovosť poľnohospodárstva. Medzi pôvodnými poľnohospodárskymi družstvami si dobrí ešte viac upevnili pozíciu. Obchodné spoločnosti sú dôkazom prínosu privatizácie. Novovzniknuté družstvá zväčša bez nevýhody starých dlžôb. V potravinárstve pokračovala kryštalizácia. Súkromní roľníci hospodárili vlani s väčším ziskom. | ||
| 610 | 2 | 0 | |a poľnohospodárstvo |
| 610 | 2 | 0 | |a podnik poľnohospodársky |
| 610 | 2 | 0 | |a družstvá poľnohospodárske |
| 610 | 2 | 0 | |a privatizácia |
| 610 | 2 | 0 | |a spoločnosti obchodné |
| 610 | 2 | 0 | |a zisk |
| 610 | 2 | 0 | |a potravinárstvo |
| 610 | 2 | 0 | |a roľníci jednotlivo hospodáriaci |
| 610 | 2 | 0 | |a Slovensko |
| 610 | 2 | 0 | |a 1997 |